Política en clave femenina : algunas disgresiones latinoamericanas /

El presente artículo busca dar cuenta de algunas disgresiones respecto del trato que la historia, la política y el Estado les han otorgado a las mujeres latinoamericanas durante el siglo veinte. De este modo se analizan algunos de los momentos significativos del quhacer político de las mujeres, como...

Full description

Bibliographic Details
Main Author: Ketterer Romero, Lucy Mirtha
Format: Analitica de revista
Language:English
Published: Santiago, Chile Arcis 2007
Online Access:

MARC

LEADER 00000cab a2200000 a 4500
001 024623
003 UAHC_CL
005 20170817144845.0
008 120306b2006 xx j 000 1 eng
952 |0 0  |1 0  |4 0  |6 AMERICA_LATINA07_07_000000000000000  |7 0  |8 General  |9 49195  |a BC  |b BC  |c General  |d 2017-08-03  |l 0  |o AMERICA LATINA-07/07  |p FICTICIO236  |r 2019-01-08 00:00:00  |t 1  |w 2017-08-03  |y REVA 
999 |c 24623  |d 24623 
022 |a 07177097 
040 |a UAHC_CL  |c UAHC_CL  |d UAHC_CL 
100 1 |a Ketterer Romero, Lucy Mirtha 
245 1 0 |a Política en clave femenina :  |b algunas disgresiones latinoamericanas /  |c Lucy Mirtha Ketterer Romero. 
260 |b Arcis  |a Santiago, Chile  |c 2007 
300 |a p. 287-307 
500 |a En: América Latina, n˚7, 2007. ISBN 07177097. p. 287-307. 
520 |a El presente artículo busca dar cuenta de algunas disgresiones respecto del trato que la historia, la política y el Estado les han otorgado a las mujeres latinoamericanas durante el siglo veinte. De este modo se analizan algunos de los momentos significativos del quhacer político de las mujeres, como la lucha por el derecho a voto y su participación en el retorno a las democracias. También se levantan algunas críticas e interrogantes que, a juicio de la autora, son relevantes para mirar el futuro del moimiento político de las mujeres latinoamericanas. 
773 0 |t América Latina : revista del doctorado en procesos sociales y políticos en América Latina  |w 024597 
900 |a AMERICA LATINA-07/07 
942 |c REVA  |2 ddc